000 01835nam a2200373 c 4500
003 BLK
005 20250313154940.0
008 180411b bul|||||r ||||||| ||bul||
010 _aKNG00174143000
020 _a978-619-90045-2-4
_bиздат.: Dukaty
040 _aBLK
041 _aBUL
_cBUL
072 7 _2bullib
_aН00
_xОбщ отдел Н
080 _aОрганизации, асоциации, движения със специални цели и/или области на дейност. Професионални асоциации(Ку-клукс-клан, масони, окултни движения, орден на тамплиерите).
_b061.23
_x(093)
_z061.23(093)
100 _aРаковски, Георги Стойков
_d1821 - 1867
_gРеволюционер, писател, публицист
_qПопович, Съби Стойков
_9365114
700 1 _aДаракчиев, Иван Стойков
_eред.
_9382278
139 _aРаковски, Георги Стойков
_bР 31
245 1 0 _aРазсъждения върху франкмасонската същност за човещина
_cГеорги Стойков Раковски; ред. Иван Стойков Даракчиев.
250 _aФототипно изд.
257 _aBGR
260 Бургас
_bDukaty
_c2013
_fБургас : РА Апел
300 _a61 с.
_c23 см
380 _a0
500 _aТекст и загл. на стар ръкопис
650 4 _aМасонство
_9161281
653 _aмасонство
659 _aН
852 _aЦб 273776
856 4 _qpdf
_u
856 4 _qpdf
_u
942 _cKNG
_n0
_02
944 _aCR
_c15.04.2015
_k30560
_lГеновева Генчева
944 _aED
_c18.08.2015
_kНаталия_Медовщикова
999 _c166431
_d166431